| 000 | 00587nam a2200181 i 4500 | ||
|---|---|---|---|
| 001 | bgj | ||
| 100 | 1 | _aCURRY, Dean | |
| 245 | 1 | 0 |
_aEasy does it : _bfor beginning level students : a speaking skills practice book for English as a foreign language / _cDean Curry. |
| 260 |
_aWashington, D.C. : _bUnited States Information Agency, _c1991. |
||
| 300 |
_aIV, 146 pp : _bill. ; _c26 cm. |
||
| 650 | 9 |
_aEnglish language _xSpoken English |
|
| 655 | _aTextbooks for foreigners | ||
| 020 | _apbk | ||
| 040 | _cBPK | ||
| 041 | 0 | _aeng | |
| 942 | _cKS | ||
| 008 | s uk f |000 0 eng | ||
| 999 |
_c41315 _d41315 |
||
| 856 |
_uhttp://koha.tu.koszalin.pl/cgi-bin/koha/opac-detail.pl?biblionumber=41315 _yKatalog online BPK |
||